000
00213nam a2200097Ia 4500
008
240331s9999 xx 000 0 und d
082
_b
CAR
100
_a
Carey, G.K
245
0
_a
Romeo and Juliet :
_b
notes
942
_c
L
999
_c
3141
_d
3141